00350nam a2200157Ia 4500008004100000041000800041100001200049245002300061260004000084300000800124365001200132500000800144520001200152650000900164999001900173230605s2004 xx 000 0 und d aeng aAnderws aHotel Front office bTata Mc Graw Hill pub. c2004c2004 a176 b100h20 a142 aGeneral aF.O. c417944d417944